| 000 | nam a22 7a 4500 | ||
|---|---|---|---|
| 999 |
_c234546 _d234546 |
||
| 003 | Nust | ||
| 005 | 20170322134951.0 | ||
| 008 | 170322b xxu||||| |||| 00| 0 eng d | ||
| 020 | _a81-7754-323-7 | ||
| 040 | _cASAB | ||
| 082 | _a634 | ||
| 245 |
_aA handbook on mineral nutrition and diagnostictechniques for nutritional disorders of crops _cby G Pathmanabhan |
||
| 260 |
_aJodhpur, India _bAgrobio ( india ) _c2008 |
||
| 300 | _a245 p | ||
| 942 |
_2ddc _cBK |
||